000
00296nam a22001337a 4500
008
181107b xxu||||| |||| 00| 0 eng d
020
_a
2900131923774
041
_a
eng
080
_2
4th
_a
201
100
_a
24
101
_a
TEO
245
_a
The Sacred Quest
_c
Cunningham, L.S
942
_2
udc
_c
BK
999
_c
52231
_d
52231